<?xml version="1.0" encoding="UTF-8"?>
<marc:record xmlns:marc="http://www.loc.gov/MARC21/slim">
   <marc:leader>00000nam a2200000 a 4500</marc:leader>
   <marc:datafield ind1="1" ind2=" " tag="100">
      <marc:subfield code="a">Schwartz, Johannes</marc:subfield>
      <marc:subfield code="4">aut</marc:subfield>
      <marc:subfield code="e">Verfasser/-in</marc:subfield>
   </marc:datafield>
   <marc:datafield ind1=" " ind2=" " tag="653">
      <marc:subfield code="a">Aufseherin</marc:subfield>
   </marc:datafield>
   <marc:datafield ind1=" " ind2=" " tag="653">
      <marc:subfield code="a">Gewalt</marc:subfield>
   </marc:datafield>
   <marc:datafield ind1=" " ind2=" " tag="653">
      <marc:subfield code="a">Unterdrückung</marc:subfield>
   </marc:datafield>
   <marc:datafield ind1=" " ind2=" " tag="653">
      <marc:subfield code="a">SS</marc:subfield>
   </marc:datafield>
   <marc:datafield ind1=" " ind2=" " tag="653">
      <marc:subfield code="a">Krieg</marc:subfield>
   </marc:datafield>
   <marc:datafield ind1=" " ind2=" " tag="653">
      <marc:subfield code="a">Macht</marc:subfield>
   </marc:datafield>
   <marc:datafield ind1=" " ind2=" " tag="653">
      <marc:subfield code="a">Frauen</marc:subfield>
   </marc:datafield>
   <marc:datafield ind1=" " ind2=" " tag="653">
      <marc:subfield code="a">Geschlecht</marc:subfield>
   </marc:datafield>
   <marc:datafield ind1=" " ind2=" " tag="653">
      <marc:subfield code="a">Herrschaft</marc:subfield>
   </marc:datafield>
   <marc:datafield ind1=" " ind2=" " tag="653">
      <marc:subfield code="a">Ravensbrück</marc:subfield>
   </marc:datafield>
   <marc:datafield ind1=" " ind2=" " tag="653">
      <marc:subfield code="a">Aufseherinnen</marc:subfield>
   </marc:datafield>
   <marc:datafield ind1=" " ind2=" " tag="653">
      <marc:subfield code="a">Gewaltpraktiken</marc:subfield>
   </marc:datafield>
   <marc:datafield ind1=" " ind2=" " tag="653">
      <marc:subfield code="a">Konzentrationslager</marc:subfield>
   </marc:datafield>
   <marc:datafield ind1=" " ind2=" " tag="653">
      <marc:subfield code="a">Nationalsozialismus</marc:subfield>
   </marc:datafield>
   <marc:datafield ind1=" " ind2=" " tag="653">
      <marc:subfield code="a">Softcover / Geschichte/20. Jahrhundert (bis 1945)</marc:subfield>
   </marc:datafield>
   <marc:datafield ind1=" " ind2=" " tag="653">
      <marc:subfield code="a">Geschichte</marc:subfield>
   </marc:datafield>
   <marc:datafield ind1=" " ind2=" " tag="653">
      <marc:subfield code="a">KZ-Aufseherin</marc:subfield>
   </marc:datafield>
   <marc:datafield ind1=" " ind2=" " tag="653">
      <marc:subfield code="a">Neubrandenburg</marc:subfield>
   </marc:datafield>
   <marc:datafield ind1=" " ind2=" " tag="653">
      <marc:subfield code="a">Hochschulschrift</marc:subfield>
   </marc:datafield>
   <marc:datafield ind1="0" ind2="0" tag="245">
      <marc:subfield code="a">"Weibliche Angelegenheiten"</marc:subfield>
   </marc:datafield>
   <marc:datafield ind1="0" ind2="0" tag="245">
      <marc:subfield code="b">Handlungsräume von KZ-Aufseherinnen in Ravensbrück und Neubrandenburg</marc:subfield>
   </marc:datafield>
   <marc:datafield ind1="0" ind2="0" tag="245">
      <marc:subfield code="c">Johannes Schwartz</marc:subfield>
   </marc:datafield>
   <marc:datafield ind1=" " ind2="1" tag="264">
      <marc:subfield code="a">Hamburg</marc:subfield>
      <marc:subfield code="b">Hamburger Edition</marc:subfield>
   </marc:datafield>
   <marc:datafield ind1="1" ind2=" " tag="490">
      <marc:subfield code="a">Studien zur Gewaltgeschichte des 20. Jahrhunderts</marc:subfield>
   </marc:datafield>
   <marc:datafield ind1=" " ind2=" " tag="250">
      <marc:subfield code="a">1. Auflage</marc:subfield>
   </marc:datafield>
   <marc:datafield ind1="1" ind2=" " tag="520">
      <marc:subfield code="a">Angaben aus der Verlagsmeldung

»Weibliche Angelegenheiten« : Handlungsräume von KZ-Aufseherinnen in Ravensbrück und Neubrandenburg / von Johannes Schwartz

Im KZ Ravensbrück, dem größten NS-Frauenkonzentrationslager auf deutschem Gebiet, sollte die Oberaufseherin gemäß Dienstvorschrift dem Schutzhaftlagerführer »in allen weiblichen Angelegenheiten beratend zur Seite« stehen. Und laut Lagerordnung war allen KZ-Aufseherinnen »jede Misshandlung von Schutzhäftlingen« explizit verboten. Dennoch gehörte Gewalt zur alltäglichen Praxis.
Johannes Schwartz untersucht die Gewaltpraktiken von KZ-Aufseherinnen in Ravensbrück und dem Außenlager Neubrandenburg. Im Fokus stehen die Fragen, welche Handlungsräume für die Anwendung von Gewalt die Aufseherinnen jenseits von eindeutigen Anordnungen hatten und wie und wann sie diese nutzten. Faktisch wurde die Entscheidung, Gewalt anzuwenden oder darauf zu verzichten, an sie delegiert. Ebenso wie ihre männlichen Kollegen nutzten viele KZ-Aufseherinnen die Möglichkeit, ohne Einmischung ihrer Vorgesetzten verschiedene Formen von Gewalt auszuüben — von psychisch und »sanft« bis exzessiv und unberechenbar, von instrumentell bis exemplarisch.
Anhand vielfältiger Quellen analysiert der Historiker, wie sich die Gewaltpraktiken der KZ-Aufseherinnen in die Zielsetzungen der KZ-Verwaltung und der Kriegsindustrie einfügten und so dazu beitrugen, die Herrschaft der Lagerleitung zu stabilisieren und die Arbeitsproduktivität der Häftlinge zu steigern. Individuelle Handlungsräume und ihre Grenzen wurden aber nicht zuletzt von den Machtverschiebungen, Konkurrenzkämpfen und sozialen Beziehungen innerhalb des KZ-Lagerpersonals bestimmt. Unangetastet blieb das Machtgefälle zwischen Gefangenen und Aufseherinnen: Durch die Variabilität und Unberechenbarkeit ihrer Handlungen festigten die KZ-Aufseherinnen ihr Herrschaftsverhältnis gegenüber den weiblichen KZ-Gefangenen immer wieder von Neuem.
</marc:subfield>
   </marc:datafield>
   <marc:datafield ind1=" " ind2=" " tag="020">
      <marc:subfield code="a">9783868543162</marc:subfield>
      <marc:subfield code="9">9783868543162</marc:subfield>
   </marc:datafield>
   <marc:datafield ind1=" " ind2=" " tag="020">
      <marc:subfield code="a">3868543163</marc:subfield>
      <marc:subfield code="9">3868543163</marc:subfield>
   </marc:datafield>
   <marc:datafield ind1=" " ind2=" " tag="041">
      <marc:subfield code="a">ger</marc:subfield>
   </marc:datafield>
   <marc:datafield ind1=" " ind2=" " tag="300">
      <marc:subfield code="a">439 Seiten</marc:subfield>
   </marc:datafield>
</marc:record>
